[Event "Antwerp InventiChess"]
[Site "Antwerp"]
[Date "2011.09.05"]
[Round "3"]
[White "Edouard, Romain"]
[Black "Michiels, Bart"]
[Result "1-0"]
[WhiteElo "2608"]
[BlackElo "2501"]
[Annotator "Edouard,R"]
[PlyCount "63"]
[EventDate "2011.09.03"]
[EventType "tourn"]
[EventRounds "9"]
[EventCountry "BEL"]
[EventCategory "9"]
[SourceTitle "CBM 144"]
[Source "ChessBase"]
[SourceDate "2011.09.16"]
[SourceVersion "1"]
[SourceVersionDate "2011.09.16"]
[SourceQuality "1"]

1. e4 e6 2. d4 d5 3. Nc3 Nf6 4. e5 Nfd7 5. f4 c5 6. Nf3 Nc6 7. Be3 Qb6 8. Na4
Qa5+ 9. c3 c4 10. b4 Qc7 11. g3 (11. Be2 {is the other move.}) 11... Be7 12.
Bg2 (12. Bh3 {is actually the normal move, but I couldn't remember exactly and
actually liked the idea of putting the bishop on g2 in order to have more
pressure on d5 in some lines with ...b5, Nc5 Nxc5, dxc5.}) 12... f5 $5 13. O-O
(13. exf6 Nxf6 14. Ne5 {is possible, but I don't see how I'm going to improve
my position anymore.}) (13. g4 {was one of my ideas, but after} fxg4 {Black is
just fine:} (13... b5 14. gxf5 $1 bxa4 15. fxe6 Nb6 16. f5 $44) 14. Ng5 Bxg5
15. fxg5 b5 $1 (15... Ne7 $5 16. Qxg4 Nf5 $36) 16. Qxg4 (16. Nc5 Nxc5 17. bxc5
O-O $15) 16... Ndxe5 $1 17. dxe5 Nxe5 18. Qg3 Nd3+ 19. Ke2 Qxg3 20. hxg3 bxa4
$15) 13... Nf8 14. Rb1 $5 {A prophylactic move without a real threat. However,
Black must be careful regarding the b5-b6 push, and has no good developing
move for the moment. The move my opponent played is the most logical, but
White can enter tactics which are, from human point of view, unpleasant for
Black.} b6 (14... Bd7 15. Nc5 {is bad for Black: it is important to keep both
bishops. Furthermore, it is more logical to trap White's knight on a4 by
playing ...b6.}) (14... h5 $5 {Watch out! This is a purely defensive move.
Black doesn't care about the positional point view: the aim is just to hold.
However, after something like} 15. Qe2 b6 16. Nd2 {I don't know exactly how
Black can develop. White will play h3-g4 sooner or later, and keep many sac
possibilities, especially Nxc4 (an interesting idea at any moment).}) 15. g4 $5
fxg4 (15... g6 16. gxf5 gxf5 17. Ng5 {would leave White a lot of free
initiative.}) 16. Nd2 Ng6 (16... h5 17. f5 Nd8 18. Nb2 Bb7 19. fxe6 Ndxe6 20.
Ndxc4 O-O-O (20... dxc4 21. Qa4+)) (16... g6 17. Nxc4 $1 dxc4 (17... b5 18.
Nd6+ Bxd6 19. exd6 Qxd6 20. Nc5 {is very strong for White.}) 18. b5 Bb7 19.
bxc6 Bxc6 20. Qxg4 {and Black's position is very unpleasant: c4 will be weak,
and White's knight may come to e3 in order to threaten some d5-push while
Black's knight is sort of trapped on f8.}) 17. f5 (17. b5 Na5 18. f5 exf5 19.
Bxd5 Rb8 {is not so clear.}) 17... exf5 $8 (17... Nh4 18. f6 (18. Qxg4 $5 Nxf5
19. Rxf5 exf5 20. Qxg7 Rf8 21. Bxd5 f4 22. Rf1 $1 $16) 18... gxf6 19. exf6 {
with an almost winning position.}) 18. Bxd5 Qd7 ({A high class move} 18... Rb8
{was probably the best way to defend. However, I believe White should sac a
piece at some point and crush. For instance:} 19. Nxc4 b5 20. Qb3 $1 {and none
of the knights can really be taken. I believe Black is in huge trouble here.})
(18... b5 19. Nc5 Bxc5 (19... Rf8 20. Nxc4 $1 Bxc5 21. Na3 $1 Be7 22. Nxb5 Qb6
23. Nd6+ Bxd6 24. exd6 $18) 20. bxc5 Qd7 (20... Rf8 21. Rxb5 $18) 21. Bg2 O-O
22. a4 $5 (22. Rxb5 $2 f4 23. Nxc4 $2 Ba6 $1 $15) 22... a6 23. axb5 axb5 24.
Rxb5 f4 25. Nxc4 $1 {(thanks to 22.a4, the b6-square is free!)} fxe3 26. Rxf8+
Nxf8 27. Nxe3 $16) 19. Bxc4 f4 (19... Ngxe5 20. dxe5 Nxe5 21. Bf4 $1 {just
wins, as Black cannot take a piece back:} Nxc4 22. Nxc4 Qxd1 (22... b5 23. Bd6
$18 {threatening both Nc5 and Re1.}) 23. Rbxd1 b5 24. Rfe1 $18) (19... Bb7 20.
e6 Qc7 21. Rxf5 $18) 20. Bxf4 Nxd4 21. Bg3 $1 {Simply positional!} Ne6 (21...
Bg5 22. cxd4 Qxd4+ 23. Rf2 Be3 24. Rb3 {just wins.}) 22. Ne4 $1 {The only move
to avoid ...Bb7.} (22. Qxg4 {is not bad, but the next move is clearly much
stronger.}) 22... Rf8 (22... Qxd1 23. Rbxd1 Bd7 24. Rxd7 $18) (22... b5 23.
Bxe6 Qxe6 24. Nac5 $18) 23. Qe2 $1 (23. Nd6+ $5 Bxd6 24. exd6 $18) 23... Qxa4 (
23... Bb7 24. Nd6+ (24. Rbd1 Rxf1+ 25. Qxf1 Qc8 26. Nd6+ Bxd6 27. exd6 $18)
24... Bxd6 25. exd6 $18) 24. Bb5+ Qxb5 25. Qxb5+ Bd7 26. Qd5 Rd8 27. Nd6+ Bxd6
28. exd6 Rf6 29. Qh5 Kf7 30. Bh4 Kg8 31. Bxf6 Nef4 32. Qxg6 1-0

[Event "EU-ch 20th"]
[Site "Skopje"]
[Date "2019.03.26"]
[Round "8"]
[White "Santos Ruiz, Miguel"]
[Black "Edouard, Romain"]
[Result "0-1"]
[WhiteElo "2560"]
[BlackElo "2658"]
[Annotator "Edouard,R"]
[PlyCount "54"]
[EventDate "2019.03.18"]
[EventType "swiss"]
[EventRounds "11"]
[EventCountry "MKD"]
[Tiebreak "Sum of Buchholz"]
[SourceTitle "CBM 189"]
[Source "ChessBase"]
[SourceDate "2019.04.29"]
[SourceVersion "1"]
[SourceVersionDate "2019.04.29"]
[SourceQuality "1"]

1. e4 e6 2. d4 d5 3. Nc3 Nf6 4. e5 Nfd7 5. f4 c5 6. Nf3 Nc6 7. Be3 Be7 8. Qd2
O-O 9. dxc5 Qa5 $5 10. O-O-O b6 {An interesting idea, which I discovered a few
days before when preparing against GM Christiansen from the White side!} 11.
Bb5 (11. cxb6 axb6 12. Nd4 (12. Bb5 Bb7 13. Bxc6 Bxc6 14. Nd4 Rfc8 $40) 12...
Nxd4 13. Bxd4 Bb4 $11) 11... Nb4 $1 12. a3 bxc5 (12... Na2+ $2 13. Nxa2 Qxb5
14. Nc3 Qc4 15. b3 Qa6 16. c6 Nb8 17. Nd4 $16) 13. Bxd7 $6 (13. Kb1 $1 {
is critical.} Rb8 $1 (13... Nb6 $2 {loses:} 14. f5 $1 d4 15. axb4 Qxb4 (15...
cxb4 16. Nxd4 $1 $146 bxc3 17. Qe2 $1 {/\Nc6}) 16. f6 gxf6 17. Nxd4 cxd4 18.
Bxd4 fxe5 19. Bxe5 (19. Qh6 $1 exd4 20. Rd3 $18) 19... f6 20. Rhf1 Bb7 21. Rf4
Qc5 22. Rg4+ Kh8 23. Qg5 Rf7 24. Bxf6+ {1-0 Fakhrutdinov,T (2460)-Volkov,S 
(2580) Yaroslavl 2018}) 14. axb4 (14. Bxd7 Bxd7 15. axb4 Qxb4 16. b3 c4 $40)
14... cxb4 15. Nxd5 exd5 16. Bxd7 $1 (16. Nd4 $5 Nxe5 $1 $146 (16... Rxb5 $2
17. Nc6 $16) 17. fxe5 (17. Be2 Nc4 18. Bxc4 dxc4 19. Nc6 Qc7 20. Nxb8 Qxb8 $40)
17... Rxb5 18. Nxb5 Qxb5 19. Qxd5 Qa6 20. Qd3 Qc6 $44) 16... Bxd7 17. Qxd5 Qxd5
18. Rxd5 Bc6 19. Ra5 Rfc8 20. Rxa7 (20. Nd2 Bxg2 21. Rg1 Bh3 22. b3 (22. Nb3
Bf5 23. Rg2 Rc4 $132 {0-1 (45) Sieber,F (2290)-Hoolt,S (2357) Dresden 2018})
22... Ra8 23. Rxa7 Rxa7 24. Bxa7 f6 $132) 20... Bf8 {Players agreed a draw in
Kovacevic,A (2493)-Cabarkapa,N (2439) Senta 2018, ½-½ (20). Black should
anyway have enough compensation to manage it, e.g.} 21. b3 Be4 22. Nd4 Bc5 23.
Ra2 Bxg2 24. Re1 Be4 25. Re2 Rd8 26. Nf5 Bxf5 27. Bxc5 Rdc8 28. Bd6 Rb6 29. Rd2
h5 $11) (13. f5 $2 Na2+ 14. Nxa2 Qxb5 $15 {0-1 (46) Ponkratov,P (2622)-Volkov,
S (2580) Yaroslavl 2018}) 13... Bxd7 14. axb4 cxb4 15. Nb1 Rfc8 16. Nd4 ({
The first time this position occured, it went very wrong for White as well:} 
16. Rdf1 Qa2 17. f5 exf5 18. Nd4 a5 19. Qd3 a4 20. Nxf5 Bxf5 21. Qxf5 a3 22.
Bd4 Qc4 $1 23. Rf4 Bg5 24. Be3 Bxf4 25. Bxf4 g6 {0-1 (25) Saric,I (2609)
-Martinovic,S (2551) Valpovo 2017}) 16... Qa1 $5 {A reasonable move, deviating
from the usual 16...Qa2. But it was a pure improvisation, and I would advise
to go ...Qa2 as others did.} (16... Qa2 17. f5 {The best try, but the position
remains a nightmare for White.} (17. b3 Rc3 $1 $17 (17... Rc7 $5) (17... a5 $6
18. c3 Qa1 19. Nc2 Qa2 20. Nd4 {was the reason why I went 16...Qa1.})) (17. Qd3
a5 18. f5 (18. b3 Rc3 $3 19. Nxc3 bxc3 20. Qxc3 Bb4 $19 {0-1 (34) Dorst,J 
(2217)-Spiess,G (2422) Vellmar 2018}) 18... a4 19. f6 Bc5 20. Rhe1 a3 21. bxa3
bxa3 22. Qb3 Qa1 23. Qc3 Bxd4 24. Qxd4 Rxc2+ $1 25. Kxc2 Rc8+ 26. Nc3 Qb2+ 27.
Kd3 Bb5+ {0-1 (27) Wang Jue (2354)-Santiago,Y (2473) Hanoi 2018}) 17... exf5
18. Rhf1 (18. Qf2 a5 $1 (18... g6 $2 19. g4 $1 {1-0 (32) Mamedov,N (2596)
-Tratar,M (2456) Antalya 2017}) 19. Nxf5 Bxf5 20. Qxf5 a4 21. e6 f6 $1 22. Bd4
Rc4 $40) 18... a5 19. Qf2 a4 20. Nxf5 Bxf5 21. Qxf5 a3 $1 22. Bd4 b3 $1 $146 (
22... Qc4 23. Nxa3 $1 $146 bxa3 24. b3 Qxb3 25. Qxf7+ Kh8 26. Qe8+ $1 Rxe8 27.
cxb3 $11) 23. Nxa3 Bxa3 24. Rf2 Qa1+ 25. Kd2 Bb4+ 26. c3 Qxb2+ 27. Ke1 Bxc3+
28. Kf1 Qa3 29. Qxf7+ Kh8 $19) 17. Qd3 (17. f5 $1 exf5 (17... a5 $2 18. f6 $1 {
is not what we want.}) 18. Rhf1 a5 (18... Rc7 $5) 19. Nxf5 Bxf5 20. Rxf5 a4 21.
Qd3 $8 b3 (21... a3 22. bxa3 bxa3 23. Bd4 Qa2 24. e6 fxe6 25. Rh5 g6 26. Rf1 $3
Qxc2+ 27. Qxc2 Rxc2+ 28. Kxc2 gxh5 29. Nd2 $14) 22. c3 a3 23. bxa3 Ra4 $13)
17... a5 18. f5 exf5 19. e6 $4 {Making it easy for Black.} (19. Rhf1 $1 a4 20.
Nxf5 Bxf5 21. Rxf5 {would still transpose to 17.f5.}) (19. Nxf5 $2 Bxf5 20.
Qxf5 b3 21. c3 a4 $19) 19... fxe6 20. Nxf5 exf5 21. Qxd5+ Kh8 22. Qxd7 Bf6 23.
Rd4 (23. Bd4 Rd8 $19 (23... b3 $5 24. c3 Bg5+ 25. Rd2 Bxd2+ 26. Kxd2 Qxb2+ 27.
Ke3 Re8+ $19)) 23... b3 (23... Rd8 $2 24. Qc6 Rxd4 $4 {was the last try:} 25.
Bxd4 $1 Bg5+ 26. Kd1 Qxb1+ 27. Ke2 $18) 24. c3 a4 25. Qf7 a3 26. Qxb3 a2 27.
Qc2 Rxc3 $1 (27... Rxc3 28. bxc3 axb1=Q+ 29. Qxb1 Qxc3+ $19) 0-1

[Event "Kavala op 13th"]
[Site "Kavala"]
[Date "2004.08.03"]
[Round "5"]
[White "Erenburg, Sergey"]
[Black "Milanovic, Danilo"]
[Result "0-1"]
[WhiteElo "2530"]
[BlackElo "2425"]
[Annotator "Erenburg,S"]
[PlyCount "94"]
[EventDate "2004.07.31"]
[EventType "swiss"]
[EventRounds "9"]
[EventCountry "GRE"]
[SourceTitle "CBM 101 Extra"]
[Source "ChessBase"]
[SourceDate "2004.09.01"]
[SourceVersion "2"]
[SourceVersionDate "2004.09.01"]
[SourceQuality "1"]

1. e4 e6 2. Nf3 d5 3. Nc3 Nf6 4. e5 Nfd7 5. d4 {This position can be arised
after the following order of moves: 1.e4 e6 2.d4 d5 3.Nc3 Nf6 4.e5 Nfd7 5.Nf3}
c5 6. dxc5 Nc6 7. Bf4 Bxc5 8. Bd3 f6 9. exf6 Nxf6 {Black can take on f6 with
the queen as well:} (9... Qxf6 {0-1 Morozevich,A-Bareev,E/Sarajevo 1999/CBM 71/
[Finkel,A] (70)}) 10. O-O O-O {The main idea of this variation for white is to
prevent the advance of black's central pawns, occupying the e5 square with the
pieces.} 11. Qe2 $6 {Probably, not the best continuation. White has the
following alternatives:} (11. Bg5 {0-1 Rosanov,L-Korniushin,N/Moscow 1998/CBM
63/[Finkel,A] (30)}) (11. Ne5 {0-1 Shilov,S-Ulibin,M/Barlinek 2001/CBM 85/
[Bangiev] (40)}) (11. Bg3 $6 a6 12. Qd2 Nh5 13. Rae1 Nxg3 14. hxg3 Qd6 15. Qg5
Rf6 $132 {Pogosian,T-Nikolenko,O/RUS-chT Podolsk 1992 (41)}) 11... Nh5 $1 {
Black is going to occupy the f4 square or to eliminate the important
dark-squared bishop.} 12. Bg3 $2 $146 {It is not recommendable to allow black
to take on g3, as the "g" pawn will become the target for black's attacks.
This move is new. In the previous game white tried with more logical} (12. Bg5
{, but I don't think white has chances for an advantage...} Nf4 13. Qd2 Qc7 14.
Rae1 Nxd3 15. Qxd3 h6 16. Nxd5 $2 (16. Be3 $142 $11) 16... Qd6 $17 17. Nf4 hxg5
18. Nxg5 Qxd3 19. Nxd3 Bb6 20. Nxe6 Bxe6 21. Rxe6 Nd4 22. Re7 Nxc2 23. Rxb7
Rad8 24. Ne5 Rxf2 {0-1 Pozin,S-Volkov,S/Ekaterinburg 1996/EXT 2000 (24)}) 12...
Nxg3 13. hxg3 a6 {Good prophylactic move, which is going to cover the b5
square. In this way, black prepares to play b7-b5 in the near future, as well
as to occupy the b8-h2 diagonal by the queen.} 14. Rae1 Bd7 15. Ne5 Nxe5 16.
Qxe5 Qf6 $15 {Black's position is clearly better. It should be noted, that
black's dark-squared bishop is extremely active, as there isn't white's
counterpart on the board...} 17. Nd1 {protecting the f2 square.} Qxe5 18. Rxe5
b5 {preventing from white the attack of black centre with c2-c4.} 19. Re2 Rf6 {
Black increases the pressure along the "f" file, doubling the rooks.} 20. Ne3 {
intending to occupy the e5 square via g4.} ({Maybe better was} 20. c3 $5 $15)
20... h5 {covering the g4 square.} 21. g4 (21. c3 {doesn't help too much:} Raf8
22. a3 g5 $17) 21... h4 $6 ({Probably stronger was} 21... d4 22. g5 dxe3 23.
gxf6 exf2+ 24. Kh2 gxf6 25. Be4 Rd8 26. Rd2 $17) 22. Kh2 {moving the king from
unpleasant pin along the a7-g1 diagonal.} (22. g5 Rf4 $17) 22... Raf8 23. f3
Bd6+ $2 {missing much more attractive continuation:} (23... h3 $1 24. Kxh3 $141
Bd6 $1 {threatening with the mate.} 25. g5 e5+ 26. Kh4 Rf4+ 27. g4 e4 $19) 24.
Kh3 g5 25. Rfe1 Kg7 26. c3 {limiting black's pawns, and, at the same time,
preparing the c2 square for the knight.} Rf4 27. a3 Kf6 28. Nc2 (28. Bb1 a5 29.
Nc2 Bc5 $17) 28... e5 {threatening with e5-e4.} ({Worse is} 28... Bc5 $6 29.
Nb4 Bxb4 (29... a5 $2 30. Nc6 $14) 30. axb4 {with approximately equal chances.}
) 29. Ne3 {The only move.} (29. Nb4 Bxb4 30. Rxe5 Ba5 31. Rxd5 Bc8 $17) 29...
Bc6 $1 (29... Be6 $2 30. Bf5 $11 Bf7 $2 31. Nxd5+ Bxd5 32. Rd1 $16) 30. Bb1 {
liberating the "d" file for the rooks, thus, threatening with the capture on
d5. Also, white adds the resource of occupying the a2-g8 diagonal by the
light-squared bishop.} (30. Nf5 {is parried by simple} Bc7 $17) 30... Bb8 $6 {
throwing away the advantage. Better was} (30... Bc5 31. Rd2 Bxe3 (31... Rd8 32.
Be4) 32. Rxe3 d4 33. Re1 $15) 31. Ba2 (31. Rd1 e4 $1 (31... d4 32. cxd4 exd4
33. Nc2 Rd8 34. Nb4 {[%cal Yb4d3]}) 32. Nxd5+ Bxd5 33. Rxd5 exf3 34. gxf3 Rxf3+
35. Kg2 Rg3+ 36. Kh1 $11 Rh3+ 37. Kg1 Ba7+ 38. Kg2 Rg3+ 39. Kh2 Be3 $15) ({
White equalized after} 31. Rd2 $1 e4 (31... Rd8 $2 32. Be4 $14) (31... d4 32.
cxd4 exd4 33. Nc2 Rd8 34. Nb4 Bxf3 35. gxf3 Rxf3+ 36. Kg2 Rg3+ 37. Kh1 Rh3+ 38.
Kg1 Bf4 39. Rde2 Be3+ 40. Kg2 Rg3+ 41. Kh1 Rh3+ 42. Rh2 $14) 32. Nxd5+ Bxd5 33.
Rxd5 exf3 34. gxf3 Rxf3+ 35. Kg2 Rg3+ 36. Kh1 Rh3+ $11) 31... Rd8 32. Nc2 $2 {
Again white missed the opportunity to get equal position:} (32. Rd2 $1 d4 (
32... e4 33. Nxd5+) 33. Nc2 (33. Nf5 d3 $17) 33... Ba7 $1 (33... Rd6 34. cxd4
exd4 35. Nb4 (35. Rxd4 Rfxd4 36. Nxd4 Rxd4 37. Re6+ Kg7 38. Rxc6 Rd1 $19) 35...
Bxf3 36. gxf3 Rxf3+ 37. Kg2 Rg3+ 38. Kf1 $14) 34. cxd4 Bxd4 35. Nb4 Bxf3 36.
gxf3 Rxf3+ 37. Kg2 Rg3+ 38. Kh1 Rh3+ $11) 32... e4 $1 $17 {Black succeeded to
push forward his "e" pawn, that together with the pair of bishops promise
black an obvious advantage.} 33. Nd4 Bb7 34. Bb1 (34. Re3 {isn't better than
the move in the game:} Ba7 35. Bb1 Re8 $17) 34... Re8 35. Nf5 Bc6 36. fxe4 $2 {
Decisive mistake. White should keep the pawn construction g2-f3-g4.} ({Better
is} 36. Nd4 Bd7 37. Re3 Ba7 38. fxe4 dxe4 39. Rxe4 Bxg4+ 40. Kh2 Rexe4 41. Bxe4
Rf2 $17) 36... dxe4 $19 37. Rd2 {Other continuations lead to lost positions as
well:} (37. Bc2 Rxf5 38. gxf5 Kxf5 39. Rf2+ Bf4 40. Bd1 Kg6 $19) (37. Ne3 Ba7
$1 {[%cal Ya7e3]} 38. Bc2 $141 Bxe3 39. Rxe3 Rxg4 $1 $19) (37. Nd4 Bd7 $19) {
[%tqu "En","Please enter the best move for black.","","","f4f5","",10]} 37...
Rxf5 $1 {using terrible position of white monarch.} 38. gxf5 Kxf5 {threatening
with g5-g4 and following mate.} 39. Rf1+ (39. Rf2+ {doesn't help at all:} Bf4
40. g4+ hxg3 41. Rfe2 g4+ 42. Kg2 Kg5 $1 $19) 39... Bf4 40. g4+ (40. Rxf4+ Kxf4
$19) 40... hxg3 {White is hopeless against black's pieces activty.} 41. Rd6
Rh8+ 42. Kg2 Kg4 43. Rxf4+ (43. Rxc6 Rh2+ 44. Kg1 Be3+ $19) 43... gxf4 44. Rg6+
Kf5 45. Rxc6 Rh2+ 46. Kg1 f3 47. Rc5+ Kf4 0-1